Co to za roślina? #15 - Statystyki

Ogólne statystyki
  • Ten quiz został rozwiązany 40 razy
    37 od ostatniego zresetowania
  • Średni wynik to 11 z 24
Statystyki odpowiedzi
Obrazkowy Hint Odpowiedź % Poprawnych
x okazała Hebe
100%
x zmieniony Winnik
100%
x wyniosła Aspidistra
50%
x rozesłana Golteria / Gaulteria
50%
inaczej Anturium Kitnia
50%
x chiński Kolcowój
50%
x alpejski Leniec
50%
x czarny Lulek
50%
x amerykańska Mamea
50%
x uszkowaty Ołownik
50%
inaczej Psianka melonowa Pepino
50%
x szkarłatna Pięknotka
50%
x biała Plumeria
50%
x cebulicowata Puszkinia
50%
x zimowy Rannik
50%
Strzałkowiec / Jakobinka
50%
x samicza Wietlica
50%
x czerwonożółty Wyczyniec
50%
x wrębny Zatrwian
50%
x chińska Abelia
0%
x kantabryjska Dabecja
0%
x aberdeńska Delosperma
0%
x wirginijska Odętka
0%
x płożąca Smużyna
0%
Nie znaleziono quizów pasujących do podanych kryteriów
Rozkład punktacji
Procent ludzi z każdym wynikiem
Percentyl według liczby udzielonych odpowiedzi
Twoja historia wyników
Nie rozwiązałeś tego quizu od ostatniego zresetowania